| 000 | 01051cam a22002531i 4500 | ||
|---|---|---|---|
| 003 | SA-RiAUC | ||
| 005 | 20260313134431.0 | ||
| 008 | 260113s1969 ua g 00000cara c | ||
| 040 |
_aSA-MaUQU _bara _cSA-RiAUC _erda |
||
| 082 | 0 | 4 |
_a239.8 _qSA-RiAUC |
| 090 |
_aم ن239.8 _bب ا ب |
||
| 100 | 1 |
_aبابصيل، محمد سعيد بن محمد، _d1245-1330 هجري _eمؤلف. |
|
| 245 | 1 | 2 |
_aالدرر النقية في فضائل ذرية خير البرية عليه الصلاة والسلام / _cمحمد سعيد بن محمد بابصيل. |
| 250 | _aالطبعة الأولى. | ||
| 264 | 1 |
_a[مكان النشر غير محدد] : _b[الناشر غير محدد]، _c1969 |
|
| 264 | 3 |
_aالقاهرة : _bمطبعة المدني |
|
| 300 |
_a36 صفحة ؛ _c29 سم |
||
| 336 |
_aنص _btxt _2rdacontent _3كتاب |
||
| 337 |
_aبدون وسيط _bn _2rdamedia |
||
| 338 |
_aمجلد _bnc _2rdacarrier |
||
| 650 | 7 |
_aأهل بيت الرسول _2aucsh |
|
| 942 |
_2ddc _cRBOOK COPY _n0 |
||
| 949 |
_aSA-JeALM _d260113 _umohamedma123 _n1 |
||
| 999 |
_c14573 _d14573 |
||